|
|
|
|
| LEADER |
00967nam a2200241 a 4500 |
| 001 |
1539124 |
| 008 |
091117s1990 bg a b 001 0 eng d |
| 010 |
|
|
|a \\\90905724
|
| 040 |
|
|
|a DLC
|c DLC
|d DLC
|
| 082 |
0 |
0 |
|a 332.7/1/086942095492
|2 20
|
| 100 |
1 |
|
|a Abecassis, David.
|
| 245 |
1 |
0 |
|a Identity, Islam, and human development in rural Bangladesh /
|c David Abecassis.
|
| 260 |
|
|
|a Dhaka, Bangladesh :
|b University Press,
|c 1990.
|
| 300 |
|
|
|a viii, 135 p. :
|b ill. ;
|c 22 cm.
|
| 504 |
|
|
|a Includes bibliographical references (p. [119]-125) and index.
|
| 541 |
1 |
|
|e 00003973
|
| 650 |
|
0 |
|a Rural poor
|z Bangladesh.
|
| 650 |
|
0 |
|a Rural development
|z Bangladesh.
|
| 650 |
|
0 |
|a Islam
|z Bangladesh.
|
| 651 |
|
0 |
|a Bangladesh
|x Rural conditions.
|
| 852 |
4 |
|
|a Ayesha Abed Library
|j General shelf
|
| 999 |
|
|
|c 5583
|d 5583
|
| 952 |
|
|
|0 0
|1 0
|2 ddc
|4 0
|6 332_710869420000000_ABE_1990
|7 0
|9 5479
|a BRACUL
|b BRACUL
|c GEN
|d 2009-11-17
|g 250.00
|l 0
|o 332.71086942 ABE
|p 3010003973
|r 2009-11-17
|t 1
|v 500.00
|w 2009-11-17
|y BK
|